| 000 | 01048nam a2200277Ia 4500 | ||
|---|---|---|---|
| 003 | PE SENCICO BE | ||
| 005 | 20251020182435.0 | ||
| 008 | 200515s9999 xx 000 0 und d | ||
| 020 | _a92-9088-050-6 | ||
| 040 |
_aPE SENCICO BE _cPE SENCICO BE |
||
| 041 | _aspa | ||
| 082 |
_a378.013 _bH44 |
||
| 100 | 1 |
_aHerraiz, María Luisa _93040 _eautor |
|
| 245 | 1 | 0 |
_aFormación de formadores : _bmanual didáctico / _cMaría Luisa Herraiz |
| 250 | _a1a ed. | ||
| 260 |
_aMontevideo : _bCinterfor ; _c1994 |
||
| 300 |
_a158 páginas : _btablas, gráficos ; _c23 cm. |
||
| 505 | 0 | _aQue es la formación de formadores -- El alumno -- El formador -- El programa -- La práctica docente -- Evaluación y control de resultados | |
| 520 | 3 | _aEl estudio trata de contribuir al desarrollo, actualización, perfeccionamiento metodológico de los formadores | |
| 650 | 1 | 0 |
_aFormación profesional _91311 |
| 650 | 2 | 0 |
_aEstrategias de aprendizaje _92409 |
| 650 | 2 | 0 |
_aPUB CINTERFOR _92462 |
| 650 | 2 | 0 |
_aPUB OIT _92507 |
| 942 |
_cLIB _2ddc |
||
| 999 |
_c366 _d366 |
||